000 00786nas a2200253 4500
001 BR0100090
003 BR-BrBNA
005 20231205102011.0
007 ta
008 230509b bl.|||p| |||| 00| 00por d
040 _aBR-BrBNA
_bpor
_cBiblioteca Nacional de Agricultura
041 _a(Pt)
072 _aF01
100 1 _aMiele, A.
100 1 _aRizzon, L.A.
100 1 _aDall'Agnol, I.
245 1 _aEfeito de reguladores de crescimento no tamanho da baga e na composicao do mosto da uva "Italia"
650 _aUva Italia
650 _aRegulador de Crescimento
650 _aMosto
773 0 _tRevista Brasileira de Fruticultura (Brazil)
_xISSN 0100-2945
_g(Aug 2000), v. 22(2) p. 272-276
_wBR0100090
909 _a202311
_bLúcia
_c55
_dLúcia Elande
942 _2AGRIS
_n0
_cANA
999 _c165184
_d165184